Регионална библиотека "Любен Каравелов" - Русе

Книга на песните (Запис номер 342625)

MARC детайли
000 -Лидер
Контролно поле с фиксирана дължина 00958nam a2200277 c 4500
003 - Код на организацията, давaща контролен номер
Контролно поле BLK
005 - Дата и час на последна редакция
Контролно поле 20190913121205.0
008 - Елементи от данни с фиксирана дължина
fixed length control field 180911b bul|||||r ||||||| ||bul||
010 ## - Наследен системен номер
LC control number 002277
040 ## - Източник на каталожния запис
Идентификатор на билиотеката - собственик на записа BLK
041 ## - Код за език
Код за езика на текст/звукозапис или на отделно заглавие Български
080 ## - УДК
УДК - код + определител 886.7-1
100 1# - Редна дума - Автор
Автор СЛАВЕЙКОВ, Пенчо
Авторска отговорност първи автор
245 00 - Сведения за заглавието
Заглавие Книга на песните
246 ## - Различни форми на заглавието
Паралелно заглавие Бълг. нар. песни отбрани от Пенчо Славейков
Наименование на поредна част от произведението лирика-народни песни
260 ## - Област на издателските данни
Място на издаване, разпространение и проч. София
Име на издателя, разпространителя и проч. Хемус
Година на издаване 1941
Печатница Изгрев
300 ## - Физическа характеристика
Страници 520 с
Размери/Мащаб 18 см
380 ## - Жанр
Жанр Литературознание
490 ## - СЕРИИ (Колекции)
Име на серия Частна колекция - Академик Михаил Арнаудов
Бележки за серията Дарение - Основен фонд
653 ## - Ключова дума – ненормативна
9 (RLIN)
Ключова дума лирика
653 ## - Ключова дума – ненормативна
9 (RLIN)
Ключова дума народни песни
650 ## - Допълнително описание по предмет – тема
Основно описание – тема или топоним Поезия
655 ## - Ключова дума – жанр/разновидност
Данни за жанр/разновидност или ключова дума за фокус българска литература
852 ## - Местоположение
Форматна сигнатура МА 1521
942 ## - АРТИКУЛИ
Вид на библиотечния материал Книги
Скрит в OPAC Не
944 ## - СЪЗДАВАНЕ И РЕДАКЦИЯ на ЗАПИСА
Създаване/Редакция Създаване
Дата на регистрацията/редакция 1996
Служител, извършил регистрацията/редакцията ValK
999 ## - СИСТЕМНИ КОНТРОЛНИ НОМЕРА
Koha biblionumber 342625
Koha biblioitemnumber 342625
Наличности
Код за отписване Код за изгубен артикул Източник на класификационната схема Код за повреда Коз за рестрикции Код за отдаване Артикулен № Име на библиотеката - собственик Име на библиотеката, в която се намира в момента Статус (Текущо местоположение) Местоположение - отдел Цена в лева Номерация (Хронология) Инвентарен номер Систематично азбучна сигнатура Баркод Номер на екземпляра Цена в евро Служебен тип на артикула Дата на вписване в системата
  Не е изгубен Universal Decimal Classification Не е повреден без рестрикции Специални фондове ( старопечатни, редки и ценни, фонд М. Арнаудов) 742731 Регионална библиотека "Любен Каравелов" Русе Регионална библиотека "Любен Каравелов" Русе Фонд "Михаил Арнаудов" Фонд "Михаил Арнаудов" 25.00   588790 МА 1521 120000588790 1 12.78 Книги  
  Не е изгубен Universal Decimal Classification Не е повреден само за читалня ползва се в читалня 842263 Регионална библиотека "Любен Каравелов" Русе Регионална библиотека "Любен Каравелов" Русе Хранилище Основен фонд - ползва се само за читалня 0.72   30639 Цб 8.180.30639 900000069138   0.37 Книги 2021-07-12
Vip Innovations Ltd, Rousse, Bulgaria 2025